Manual de administración local / Ángel Ballesteros Fernández
ISBN:
84-505-7009-3
Descripción Física:
398 p ; 24 cm
MARC
| LEADER | 00000nam a2200000Ia 4500 | ||
|---|---|---|---|
| 001 | 17463 | ||
| 008 | 160829s9999 xx 000 0 cat d | ||
| 020 | |a 84-505-7009-3 | ||
| 080 | |a D-3-98 | ||
| 100 | |a Ballesteros Fernández, Ángel |9 31613 | ||
| 245 | |a Manual de administración local / Ángel Ballesteros Fernández | ||
| 260 | |a [Granada : |b Centro de Estudios Municipales y de Cooperación Interprovincial], DL 1987 | ||
| 300 | |a 398 p ; |c 24 cm | ||
| 590 | |a Bibliografia | ||
| 650 | |a Administració local |x Dret i legislació |x Espanya |x S. XX |9 31614 | ||
| 650 | |a Administració local |x Manuals, guies, etc. |x S. XX |9 31615 | ||
| 901 | |a Arxiu | ||
| 942 | |n 1 | ||
| 952 | |0 1 |1 0 |2 udc |4 0 |5 2 |6 D398 |7 1 |9 45694 |a Arxiu |b Arxiu |d 2016-12-01 |l 0 |o D-3-98 |p 17463 |r 2016-12-01 00:00:00 |w 2016-12-01 |y ARXIU | ||
| 999 | |c 49194 |d 49194 | ||